Hỏi-đáp về lịch sử đảng Cộng sản Việt Nam
Shranjeno v:
| Glavni avtor: | |
|---|---|
| Format: | Knjiga |
| Jezik: | Undetermined |
| Izdano: |
Tp. HCM
Trẻ
2000
|
| Teme: | |
| Oznake: |
Označite
Brez oznak, prvi označite!
|
| Thư viện lưu trữ: | Trung tâm Học liệu Trường Đại học Cần Thơ |
|---|
| LEADER | 00550nam a2200169Ia 4500 | ||
|---|---|---|---|
| 001 | CTU_37203 | ||
| 008 | 210402s9999 xx 000 0 und d | ||
| 082 | |a 324.2597075 | ||
| 082 | |b L305 | ||
| 100 | |a Đinh Văn Liên | ||
| 245 | 0 | |a Hỏi-đáp về lịch sử đảng Cộng sản Việt Nam | |
| 245 | 0 | |c Đinh Văn Liên, Phạm Ngọc Bích | |
| 260 | |a Tp. HCM | ||
| 260 | |b Trẻ | ||
| 260 | |c 2000 | ||
| 650 | |a communist parties - vietnam,political parties - vietnam | ||
| 980 | |a Trung tâm Học liệu Trường Đại học Cần Thơ | ||